000 00814nam a2200265 i 4500
001 19003
003 ES-MaACL
005 20250724031055.0
007 t|
008 020510s2001 sp ||||1| spa d
020 _a84-8432-298-X
080 _a929 Solón de Atenas
080 _a938"-05"
100 1 _aDomínguez Monedero, Adolfo Jerónimo.
_945228
245 1 0 _aSolón de Atenas /
_cAdolfo J. Domínguez Monedero.
260 _aBarcelona :
_bCrítica,
_c[2001]
300 _a301 p. ;
_c23 cm.
490 1 _aCrítica/arqueología
504 _aBibliografía: p. [266]-295.
600 1 7 _aSolón de Atenas,
_dca. 638-558 a.C.
_2embne
_9132811
651 4 _aGrecia-
_xHistoria-
_yHasta S.V a.C.
_98782
830 1 _aCrítica/arqueología
_9178599
852 _aES-MaACL
_jL-25479
999 _c19003
_d19003